| 000 | 01769nam2a22003971 4500 | ||
|---|---|---|---|
| 001 | v19\rc\1376439 | ||
| 005 | 20251218224519.0 | ||
| 035 | _a(NLR Aleph) 004563150 | ||
| 090 |
_a2300639 _c2300639 |
||
| 100 | _a20060512d1870 u y0rusy50 ca | ||
| 101 | 1 |
_arus _cger |
|
| 102 | _aRU | ||
| 105 | _ay z ||||| | ||
| 135 | _acrcn 024anaba | ||
| 200 | 0 | _aТ. 3. (Ч. 5) | |
| 210 | _d1870 | ||
| 215 | _a[4], 356 с. | ||
| 325 | _aКопия доступна в Электрон. б-ке РНБ | ||
| 461 | 0 |
_1001v19\rc\1376436 _12001#$aДача на Рейне$eРоман в 5-ти ч.$eС предисл. И.С. Тургенева$eПер. с нем. Т. 1-3$fБ. Ауэрбах$vТ. 3. (Ч. 5) _1700#1$aАуэрбах$bБ.$f1812-1882$gБертольд$9z01790 _95358620 _aАуэрбах, Б. (1812-1882) _cСанкт-Петербург _d1869-1870 _fБ. Ауэрбах _nВестн. Европы _oРоман в 5-ти ч. : С предисл. И.С. Тургенева : Пер. с нем. Т. 1-3 _p3 т. _tДача на Рейне _vТ. 3. (Ч. 5) |
|
| 801 | 0 |
_aRU _bNLR _gpsbo |
|
| 801 | 0 |
_aRU _bRuMoRGB _2psbo |
|
| 801 | 1 |
_aRU _bProSoft-M _2rusmarc |
|
| 852 |
_aNLR _j18.236.5.49 |
||
| 852 |
_aNLR _j133/3537 |
||
| 856 | 0 | _uhttps://vivaldi.nlr.ru/bv000070415/view | |
| 856 | 1 | _uhttps://vivaldi.nlr.ru/bv000070415/cover | |
| 856 | 2 | _uhttps://vivaldi.nlr.ru/bv000070415/text | |
| 899 |
_aRuMoRGB _jE 70/102 |
||
| 899 | _aБАН | ||
| 901 | _eКнижные издания | ||
| 942 | _cBOOK | ||
| 980 | _aNB | ||
| 980 | _ahounb | ||
| 981 | 3 | 3 |
_a(33) Художественная литература _b(33) Отечественная литература |